00256 a2200109 4500001000700000020000600007040001100013100002000024240004900044245004400093362000900137164107 a  cMagnum aMocelin, Renato10aCanudos: fanatismo ou luta pela terra ?lpor10aCanudos: fanatismo ou luta pela terra ?0 a1899